000 00475nam a22001817a 4500
003 CEME
005 20210628203605.0
008 210316b xxu||||| |||| 00| 0 eng d
020 _a0-07-033569-9
040 _c.
082 _a621.815 KAM'D
100 _aKamm, Lawrence J
_966421
245 _aDesigining cast efficient machanisms
260 _aNEWYORK
_bMCGRAW HILL
_c1990
300 _a250P
650 _aDESIGINING CAST EFFICIENT MACHANISMS
_966422
942 _cBK
_2ddc
999 _c574395
_d574395